Evaluation of adjunctive effect of low-level laser theraphy on pain, swelling and trismus after surgical removal of impacted lower third molar (Record no. 34621)

MARC details
000 -LEADER
fixed length control field 00414nam a22001337a 4500
003 - CONTROL NUMBER IDENTIFIER
control field SGT
082 ## - DEWEY DECIMAL CLASSIFICATION NUMBER
Classification number 617.525
Item number E26P
100 ## - MAIN ENTRY--PERSONAL NAME
Personal name Pal, Supayan
245 ## - TITLE STATEMENT
Title Evaluation of adjunctive effect of low-level laser theraphy on pain, swelling and trismus after surgical removal of impacted lower third molar
260 ## - PUBLICATION, DISTRIBUTION, ETC. (IMPRINT)
Place of publication, distribution, etc Gurugram
Name of publisher, distributor, etc SGTU
Year of Publication 2026
300 ## - PAGE DESCRIPTION
No. of Pages 76
653 ## - KEYWORDS--INDEX TERM
Keyword term Oral & Maxillofacial Surgery
942 ## - ADDED ENTRY ELEMENTS (KOHA)
Source of classification or shelving scheme Dewey Decimal Classification
Koha item type Thesis/Dissertation
Holdings
Withdrawn status Lost status Source of classification or shelving scheme Damaged status Not for loan Home library Current library Shelving location Date acquired Total Checkouts Full call number Accession No. (Barcode) Date last seen Bill Date Koha item type
    Dewey Decimal Classification   Not For Loan SGT Dental Library SGT Dental Library Reference Book 11/04/2026   617.525 E26P DT2677 11/04/2026 11/04/2026 Thesis/Dissertation